000 00823nam a2200205Ia 4500
003 Ost
005 20260507075652.0
008 260507s9999||||xx |||||||||||||| ||und||
040 _cfsecg
041 _aara
082 _a330.01
100 _aعوض الله، زينب حسين
_eمؤلف
245 0 _aمبادئ علم الإقتصاد /
_c زينب حسين عوض الله
260 _aالإسكندرية:
_bدار الجامعة الجديدة,
_c2004
300 _a704 صفحة؛
_bإيضاحات ؛
_c24 سم
520 _aمقدمة لعلم الإقتصاد- المذاهب والنظم الإقتصادية-نظرية القيمة والأثمان- نظرية الإسهلاك .
653 _aعلم الإقتصاد
700 _aناشد، سوزي عدلي
_eمؤلف ثانوي
942 _cكتاب
999 _c45618
_d45618